000 01100nam a22002537a 4500
005 20170124103200.0
010 _aB-093226
020 _c100.00
035 _aB-093226
037 _bCen Lib/Ret
040 _aDPL
_bHN
082 _a615.52
_bचतुर्वे
100 _aचतुर्वेदी, वैद्य सुरेश
_942531
245 _aकायाकल्प :
_cवैद्य सुरेश चतुर्वेदी
_bनवजीवन /
246 _aKayakalp : navjeevan /
_bby Vaidya SUresh Chaturvedi
260 _aमुंबई
_bएस. रामकृष्णन
_c2002
270 _bमुंबई
_aभारतीय विद्या भवन, कुलपति मुंशी मार्ग
_e400007
300 _a61पृ.
_c21सेमी(अजिल्द )
650 _aकाया कल्प -- रोगों
_x
_z
_991460
650 _aकाया कल्प
_91541
650 _aKaya Kalp - Diseases
_991461
650 _aKaya Kalp
_991462
942 _2ddc
_cHN
_h615.52
_mचतुर्वे
999 _c120592
_d120592